000 00709nas a2200241 4500
001 BR8803210
003 BR-BrBNA
005 20231205091148.0
007 ta
008 230509b bl.|||p| |||| 00| 00por d
040 _aBR-BrBNA
_bpor
_cBiblioteca Nacional de Agricultura
041 _a(Pt)
072 _aF04
100 1 _aWeber, H.
100 1 _aSarruge, J.R.
245 1 _aFontes e doses de sodio: 1. no crescimento de cultivares de cana-de-acucar (Saccharum spp)
650 _aCANA DE ACUCAR
650 _aSODIO
650 _aADUBACAO
773 0 _tSTAB (Brazil)
_xISSN 0102-1214
_g(Jan-Feb 1985), v. 3(3) p. 22-26
_wBR8803210
909 _a202311
_bLúcia
_c55
_dLúcia Elande
942 _2AGRIS
_n0
_cANA
999 _c123236
_d123236